Prescripción de la acción y de la pena / (Registro nro. 31121)

Detalles MARC
000 -LEADER
fixed length control field 02196nam a22003017a 4500
003 - CONTROL NUMBER IDENTIFIER
control field OSt
005 - DATE AND TIME OF LATEST TRANSACTION
control field 20251201122238.0
008 - FIXED-LENGTH DATA ELEMENTS--GENERAL INFORMATION
fixed length control field 251201b |||||||| |||| 00| 0 eng d
020 ## - INTERNATIONAL STANDARD BOOK NUMBER
International Standard Book Number 9505691629
037 ## - SOURCE OF ACQUISITION
Source of stock number/acquisition Donación
040 ## - CATALOGING SOURCE
Original cataloging agency CO-JMCR
Language of cataloging spa
Transcribing agency CO-JMCR
Modifying agency CO-JMCR
Description conventions rda
041 0# - LANGUAGE CODE
Language code of text/sound track or separate title spa
082 ## - DEWEY DECIMAL CLASSIFICATION NUMBER
Edition number 345.8205
Classification number S87p
100 ## - MAIN ENTRY--PERSONAL NAME
Personal name Sproviero, Juan Horacio,
Relator term autor
9 (RLIN) 44454
245 1# - TITLE STATEMENT
Title Prescripción de la acción y de la pena /
Statement of responsibility, etc. Juan Horacio Sproviero
264 ## - PRODUCTION, PUBLICATION, DISTRIBUTION, MANUFACTURE, AND COPYRIGHT NOTICE
Place of production, publication, distribution, manufacture Buenos Aires :
Name of producer, publisher, distributor, manufacturer Ábaco de Rodolfo Depalma,
Date of production, publication, distribution, manufacture, or copyright notice 2001
300 ## - PHYSICAL DESCRIPTION
Extent 325 páginas
Dimensions 23 cm.
504 ## - BIBLIOGRAPHY, ETC. NOTE
Bibliography, etc. note Bibliografía : páginas 323 - 325<br/>
505 2# - FORMATTED CONTENTS NOTE
Formatted contents note Prescripción. Generalidades -- La pena y la acción -- Secuela de juicio -- Ejercito jurisdiccional -- Precripción y concurso delictivo -- El delito. Formas -- Modaleidades de la prescripción -- Suspención e interrupción de la prescripción -- Antecedentes e interpretaciones legislativos -- Posibilidades de la prescripción -- Sustentos jurisprudenciales -- El delito tributario y su prescripción -- La pena y su caracterización -- El delito : Plazos de prescripción -- La condena -- Suspención e interrupción prescrptiva -- Reincidencia -- La accesoriedad de la condena y su necesaria prescripción
520 3# - SUMMARY, ETC.
Summary, etc. [Analiza cómo el paso del tiempo extingue el derecho del Estado para perseguir un delito (prescripción de la acción) o la capacidad de ejecutar una sanción ya impuesta (prescripción de la pena). Aborda la naturaleza jurídica de ambos conceptos, su relación con el proceso penal, las teorías que los fundamentan, las reglas sobre el inicio del cómputo de los plazos y su interrupción. También puede incluir el análisis de la prescripción de la pena de forma separada, detallando cómo los plazos varían según la gravedad del delito.]
586 ## - AWARDS NOTE
Awards note Premio estrella de platino, World quality commitment
600 ## - SUBJECT ADDED ENTRY--PERSONAL NAME
Source of heading or term Sproviero, Juan Horacio,
650 #7 - SUBJECT ADDED ENTRY--TOPICAL TERM
Source of heading or term JMCR
Topical term or geographic name entry element Prescripción
Form subdivision Acción penal
Geographic subdivision Argentina
9 (RLIN) 44455
650 #7 - SUBJECT ADDED ENTRY--TOPICAL TERM
Source of heading or term JMCR
Topical term or geographic name entry element Prescripción
Form subdivision Delitos de omisión
Geographic subdivision Argentina
9 (RLIN) 44456
650 #7 - SUBJECT ADDED ENTRY--TOPICAL TERM
Source of heading or term JMCR
Topical term or geographic name entry element Prescripción
Form subdivision Condena
Geographic subdivision Argentina
9 (RLIN) 44457
700 ## - ADDED ENTRY--PERSONAL NAME
Personal name Sproviero, Juan Horacio,
Relator term Autor
9 (RLIN) 44454
942 ## - ADDED ENTRY ELEMENTS (KOHA)
Source of classification or shelving scheme Dewey Decimal Classification
Koha item type Books
Existencias
Withdrawn status Lost status Source of classification or shelving scheme Damaged status Not for loan Collection code Home library Current library Shelving location Date acquired Source of acquisition Total Checkouts Full call number Barcode Date last seen Date last checked out Copy number Price effective from Koha item type
    Dewey Decimal Classification     Non-fiction Biblioteca Pública José María del Castillo y Rada Biblioteca Pública José María del Castillo y Rada Book Cart 11/15/2023 donación 1 S87p 201812616 12/05/2025 12/05/2025 Ej. 1 12/01/2025 Books